Brawl Stars: Assassins - Statistics

General Stats
  • This quiz has been taken 9 times
  • The average score is 13 of 16
Answer Stats
Answer % Correct
Edgar
100%
Kenji
100%
Mortis
100%
Alli
89%
Kaze
89%
Lily
89%
Cordelius
78%
Crow
78%
Fang
78%
Leon
78%
Melodie
78%
Mico
78%
Shade
78%
Buzz
67%
Stu
67%
Sam
56%
No matching quizzes found
Score Distribution
Percent of People with Each Score
Percentile by Number Answered
Your Score History
You have not taken this quiz